| 000 | 00973nam a22002657a 4500 | ||
|---|---|---|---|
| 005 | 20140115122827.0 | ||
| 010 | _aENG-109007-008 | ||
| 020 |
_a9789351430469(set) _c4195.00(set of 2 vols.) |
||
| 020 |
_a9789351430476(v.1) _c4195.00(set of 2 vols.) |
||
| 020 |
_a9789351430483(v.2) _c4195.00(set of 2 vols.) |
||
| 035 | _aEN-92540-541 | ||
| 037 | _bDBAD/PUB | ||
| 082 | _a345 | ||
| 100 | _aSarkar, S.C. | ||
| 245 |
_aSarkar the code of criminal procedure / _bby S. C. Sarkar |
||
| 250 | _a10th updated ed by Sudipto Sarkar [and] V.R. Manohar | ||
| 260 |
_aGurgaon _bLexis Nexis _c2014 |
||
| 270 |
_a14th floor, Building No 10, Tower-B, DLF Cyber City, Phase-ll, _bGurgaon _e122002 |
||
| 300 |
_a2V.(dxvii,1267p.; xLv,1-2679; 1-164p.) _c25cm(Hb) |
||
| 500 | _aIncludes index | ||
| 505 | _av.1-Sections 1-224 ; v.2-.sections 225-484 schedules & appendices | ||
| 700 | _aSarkar,Sudipto | ||
| 700 | _aManohar,V.R. | ||
| 942 |
_2ddc _cEN _mSAR _h345 |
||
| 999 |
_c81483 _d81483 |
||